Central Library OPAC University of Rajshahi

Creative teaching of history / (Record no. 50036)

MARC details
000 -LEADER
fixed length control field 00795nam a2200253 a 4500
001 - CONTROL NUMBER
control field 50036
003 - CONTROL NUMBER IDENTIFIER
rucl marc code BD-RjUL
005 - DATE AND TIME OF LATEST TRANSACTION
control field 20211209075440.0
008 - FIXED-LENGTH DATA ELEMENTS--GENERAL INFORMATION
fixed length control field 160823s1951 ii 001 0 eng d
035 ## - SYSTEM CONTROL NUMBER
System control number (BD-RjUL)50156
040 ## - CATALOGING SOURCE
Original cataloging agency BD-RjUL
Transcribing agency GZD
Modifying agency BD-RjUL
Language of cataloging eng
041 ## - LANGUAGE CODE
Language code of text/sound track or separate title eng
082 ## - DEWEY DECIMAL CLASSIFICATION NUMBER
Classification number 907.1
Edition number 18
Author mark and year GHC 1951
100 1# - MAIN ENTRY--PERSONAL NAME
Personal name Ghose, Kshetrapal Das.
9 (RLIN) 149967
245 10 - TITLE STATEMENT
Title Creative teaching of history /
Statement of responsibility, etc. by K.D. Ghose
260 ## - PUBLICATION, DISTRIBUTION, ETC. (IMPRINT)
Place of publication, distribution, etc. Bombay :
Name of publisher, distributor, etc. Geoffrey Cumberlege, Oxford University Press,
Date of publication, distribution, etc. 1951
300 ## - PHYSICAL DESCRIPTION
Pagination x, 254 p. ;
Size 19 cm
490 ## - SERIES STATEMENT
Series statement Teaching in India serics
Volume/sequential designation xvii
500 ## - GENERAL NOTE
General note Includes index
504 ## - BIBLIOGRAPHY, ETC. NOTE
Bibliography, etc "A list of books for teachers": p. 243-250
650 #0 - SUBJECT ADDED ENTRY--TOPICAL TERM
Topical term or geographic name as entry element History
General subdivision Study and teaching
9 (RLIN) 149968
830 ## - SERIES ADDED ENTRY--UNIFORM TITLE
Uniform title Teaching in India serics
Volume number/sequential designation xvii
942 ## - ADDED ENTRY ELEMENTS (KOHA)
Source of classification or shelving scheme Dewey Decimal Classification
Koha item type Books
Holdings
Lost status Source of classification or shelving scheme Damaged status Not for loan Collection code Permanent Location Current Location Shelving location Date acquired Source of acquisition Cost, normal purchase price Total Checkouts Full call number Date last seen Copy number Koha item type
  Dewey Decimal Classification     Non-fiction Central Library, University of Rajshahi Central Library, University of Rajshahi   09/08/1955 o. u. p. 4.00   907.1 GHC 1951 23/08/2016 C-2 Books
  Dewey Decimal Classification     Non-fiction Central Library, University of Rajshahi Central Library, University of Rajshahi   09/08/1955 o. u. p. 4.00   907.1 GHC 1951 23/08/2016 C-3 Books